Introduction to probability models

Uložené v:
Podrobná bibliografia
Hlavný autor: Ross, Sheldon M.
Médium: Kniha
Jazyk:English
Vydavateľské údaje: New York Academia Press 1980
Vydanie:2. ed.
Edícia:Probability and mathematical statistics
Tagy: Pridať tag
Žiadne tagy, Buďte prvý, kto otaguje tento záznam!

MARC

LEADER 00000nam a2200000 4500
001 c129064
005 20041019155245.3
041 0 |a eng 
044 |a US 
245 1 0 |a Introduction to probability models  |c Sheldon M. Ross 
250 |a 2. ed. 
264 1 |a New York  |b Academia Press  |c 1980 
300 |a 376 s. 
490 1 |a Probability and mathematical statistics 
830 0 |a Probability and mathematical statistics 
100 1 |a Ross, Sheldon M.